| 000 | 00654nam a22002172 4500 | ||
|---|---|---|---|
| 001 | 0000000740 | ||
| 005 | 20151021151048.0 | ||
| 008 | 070216s xx 000 0 eng d | ||
| 020 |
_a0801096855 : _cGBP 17.99 |
||
| 040 |
_aKABU _cKABU |
||
| 050 | 0 |
_aBS600.2 _b.W55 |
|
| 100 | 1 |
_aWilhoit, Jim. _@0000159924 |
|
| 245 | 1 | 0 |
_aEffective Bible teaching / _cJim Wilhoit and Leland Ryken. |
| 260 |
_aGrand Rapids, Michigan : _bBaker, _cc1988. |
||
| 300 |
_a256 p. ; _c22 cm. |
||
| 650 | 0 |
_aBible _xStudy. _@0000149058 |
|
| 700 | 1 |
_aRyken, Leland. _@0000159925 |
|
| 908 | _a070216 | ||
| 950 | _@1 | ||
| 999 |
_c239 _d239 |
||